[Event "Agneaux St Lo op"]
[Site "Agneaux"]
[Date "2022.07.10"]
[Round "2"]
[White "Capton, Rafael"]
[Black "Lahoche, Dorian"]
[Result "0-1"]
[WhiteElo "1890"]
[BlackElo "2073"]
[PlyCount "76"]
[EventDate "2022.07.09"]
[EventType "swiss"]
[EventRounds "9"]
[EventCountry "FRA"]
[SourceTitle "EXT 2023"]
[Source "ChessBase"]
[SourceDate "2022.10.05"]
[SourceVersion "1"]
[SourceVersionDate "2022.10.05"]
[SourceQuality "1"]

1. e4 e5 2. Nf3 Nc6 3. Nc3 Nf6 4. d4 exd4 5. Nxd4 Bb4 6. Nxc6 bxc6 7. Bd3 d5 8. exd5 cxd5 9. 0-0 0-0 10. Bg5 c6 11. Bf4 Bg4 12. Ne2 Re8 13. c3 Bd6 14. Bxd6 Qxd6 15. Qc2 c5 16. Ng3 Rab8 17. h3 Bd7 18. Rad1 Bc6 19. c4 d4 20. Rfe1 Qf4 21. b3 g6 22. Qc1 Qxc1 23. Rxc1 h5 24. f3 h4 25. Ne4 Bxe4 26. Bxe4 Nxe4 27. fxe4 Re5 28. Kf2 Rbe8 29. a3 a5 30. Rcd1 Rxe4 31. Rxe4 Rxe4 32. Rd3 Kf8 33. Kf3 f5 34. b4 cxb4 35. axb4 axb4 36. Rb3 Re3+ 37. Rxe3 dxe3 38. Kxe3 g5 0-1

[Event "FRA-ch Blitz Online Qual"]
[Site "Europe Echecs INT"]
[Date "2020.05.16"]
[Round "15"]
[White "Capton, Rafael"]
[Black "Labrande, Theodore"]
[Result "1-0"]
[WhiteElo "1737"]
[BlackElo "2077"]
[PlyCount "81"]
[EventDate "2020.05.16"]
[EventType "swiss (blitz)"]
[EventRounds "15"]
[EventCountry "FRA"]
[SourceTitle "CBM 196 Extra"]
[Source "ChessBase"]
[SourceDate "2020.07.31"]
[SourceVersion "1"]
[SourceVersionDate "2020.07.31"]
[SourceQuality "1"]

1. e4 c5 2. Nf3 Nc6 3. d4 cxd4 4. Nxd4 Nf6 5. Nc3 e5 6. Ndb5 d6 7. Bg5 a6 8. Na3 b5 9. Bxf6 gxf6 10. Nd5 f5 11. Bd3 Be6 12. c3 Bg7 13. Nc2 0-0 14. Nce3 Qg5 15. Qf3 f4 16. Nf5 Bxf5 17. exf5 e4 18. Bxe4 Ne5 19. Qe2 Rae8 20. h4 Nd3+ 21. Qxd3 Qxg2 22. 0-0-0 Qxe4 23. f6 Bh6 24. Ne7+ Rxe7 25. fxe7 Qxe7 26. Rhg1+ Kh8 27. Qd4+ f6 28. Rde1 Qd7 29. Kb1 Qf5+ 30. Qe4 Qc5 31. f3 d5 32. Qe6 Qf2 33. Qe2 Qc5 34. Qg2 Qc8 35. Qd2 Qf5+ 36. Qc2 Qh5 37. Qd3 Qxh4 38. Rh1 Qg5 39. Reg1 Qe5 40. Rxh6 Re8 41. Qxh7# 1-0

[Event "FRA-ch Blitz Online Qual"]
[Site "Europe Echecs INT"]
[Date "2020.05.16"]
[Round "3"]
[White "Capton, Rafael"]
[Black "Mezouaghi, Miloud"]
[Result "1-0"]
[WhiteElo "1737"]
[BlackElo "1999"]
[PlyCount "97"]
[EventDate "2020.05.16"]
[EventType "swiss (blitz)"]
[EventRounds "15"]
[EventCountry "FRA"]
[SourceTitle "CBM 196 Extra"]
[Source "ChessBase"]
[SourceDate "2020.07.31"]
[SourceVersion "1"]
[SourceVersionDate "2020.07.31"]
[SourceQuality "1"]

1. e4 c5 2. Nf3 d6 3. d4 cxd4 4. Nxd4 Nf6 5. Nc3 a6 6. Bc4 e6 7. Bb3 Nbd7 8. 0-0 Nc5 9. Qe2 Be7 10. h3 Qc7 11. f4 0-0 12. e5 dxe5 13. fxe5 Nfd7 14. Bf4 b5 15. a3 Bb7 16. Rae1 Rac8 17. Qg4 Nxb3 18. cxb3 Qb6 19. Bh6 Qxd4+ 20. Qxd4 Bc5 21. Be3 Bxd4 22. Bxd4 Nc5 23. Bxc5 Rxc5 24. Rf4 Rd8 25. b4 Rc7 26. Re2 Rcd7 27. Ref2 Bc6 28. h4 Rc7 29. Kh2 Be8 30. Ne4 Rd5 31. Nd6 Re7 32. Nxe8 Rxe8 33. Rxf7 Rxe5 34. Ra7 Rf5 35. Rd2 Rf4 36. Rdd7 Rg4 37. Kh3 h5 38. Rxa6 e5 39. Rad6 e4 40. Rd8 Rxd8 41. Rxd8+ Kf7 42. Rd5 Ke6 43. Rxb5 e3 44. Rb8 Re4 45. Kg3 Kd5 46. Rd8+ Kc4 47. Rd1 e2 48. Re1 Kd3 49. Kf3 1-0

[Event "FRA-ch Blitz Online Qual"]
[Site "Europe Echecs INT"]
[Date "2020.05.16"]
[Round "1"]
[White "Capton, Rafael"]
[Black "Villegas, Pierre"]
[Result "0-1"]
[WhiteElo "1737"]
[BlackElo "2364"]
[PlyCount "94"]
[EventDate "2020.05.16"]
[EventType "swiss (blitz)"]
[EventRounds "15"]
[EventCountry "FRA"]
[SourceTitle "CBM 196 Extra"]
[Source "ChessBase"]
[SourceDate "2020.07.31"]
[SourceVersion "1"]
[SourceVersionDate "2020.07.31"]
[SourceQuality "1"]

1. e4 c6 2. d4 d5 3. Nc3 b5 4. a3 a6 5. exd5 cxd5 6. Qf3 Nf6 7. Bg5 e6 8. Bd3 Nc6 9. Nge2 Be7 10. Bxf6 Bxf6 11. Qe3 0-0 12. 0-0 Qb6 13. Qh3 g6 14. Ng3 Nxd4 15. Rae1 Qd6 16. Qh6 Bg7 17. Qd2 Bb7 18. f4 Rac8 19. Nce2 Nxe2+ 20. Qxe2 Bxb2 21. f5 e5 22. f6 e4 23. Qd2 Bxf6 24. Bxe4 Qb6+ 25. Kh1 dxe4 26. Qf4 Bg7 27. Qg4 f5 28. Qg5 Qd8 29. Qf4 Qc7 30. Qg5 Bf6 31. Qd2 Qxc2 32. Qd7 Qc7 33. Qe6+ Qf7 34. Qb6 Rc6 35. Qe3 Qd7 36. Rd1 Rd6 37. Rc1 Rd3 38. Qb6 Rd6 39. Qe3 Rc8 40. Rxc8+ Qxc8 41. h3 Qc3 42. Qa7 Qxg3 43. Qxb7 e3 44. Rc1 Rd8 45. Qc6 Be5 46. Qe6+ Kh8 47. Kg1 e2 0-1

[Event "FRA-ch Blitz Online Qual"]
[Site "Europe Echecs INT"]
[Date "2020.05.16"]
[Round "12"]
[White "Suez Panama, Gilles"]
[Black "Capton, Rafael"]
[Result "0-1"]
[WhiteElo "1943"]
[BlackElo "1737"]
[PlyCount "122"]
[EventDate "2020.05.16"]
[EventType "swiss (blitz)"]
[EventRounds "15"]
[EventCountry "FRA"]
[SourceTitle "CBM 196 Extra"]
[Source "ChessBase"]
[SourceDate "2020.07.31"]
[SourceVersion "1"]
[SourceVersionDate "2020.07.31"]
[SourceQuality "1"]

1. d4 Nf6 2. Nf3 g6 3. c4 Bg7 4. Nc3 0-0 5. g3 d6 6. Bg2 Nbd7 7. 0-0 e5 8. h3 exd4 9. Nxd4 Ne5 10. b3 Ned7 11. Bb2 Re8 12. Qc2 Nb6 13. Rad1 a6 14. e4 Qe7 15. Nd5 Nbxd5 16. exd5 Nd7 17. Qd2 Nc5 18. Rfe1 Qd8 19. Bf3 Bxh3 20. Kh2 Bd7 21. Rxe8+ Qxe8 22. Kg2 Qd8 23. Rh1 b5 24. Nc6 Bxc6 25. dxc6 Bxb2 26. Qxb2 Qg5 27. cxb5 axb5 28. a3 Nd3 29. Qd4 Ne5 30. Be2 Re8 31. Bxb5 Qf5 32. Be2 Nxc6 33. Qh4 h5 34. Bc4 Ne5 35. Be2 d5 36. Qd4 c6 37. f4 Ng4 38. Bxg4 Qxg4 39. Rf1 Qf5 40. Rf2 Kh7 41. b4 Qe4+ 42. Qxe4 Rxe4 43. Kf3 Rc4 44. Ra2 Kg7 45. a4 Rxb4 46. a5 Rb8 47. a6 Ra8 48. Ke3 Kf6 49. Kd4 Ke6 50. Kc5 Kd7 51. Kb6 Rb8+ 52. Ka7 Kc7 53. Re2 Rb5 54. Re7+ Kd6 55. Rxf7 d4 56. Rf8 Ke7 57. Rc8 Kd7 58. Rb8 Ra5 59. Kb6 Rb5+ 60. Ka7 Kc7 61. Re8 d3 0-1

[Event "Vandoeuvre op 16th"]
[Site "Vandoeuvre"]
[Date "2019.12.28"]
[Round "6"]
[White "Capton, Rafael"]
[Black "Lebrun, Elias"]
[Result "0-1"]
[WhiteElo "1781"]
[BlackElo "1838"]
[PlyCount "44"]
[EventDate "2019.12.26"]
[EventType "swiss"]
[EventRounds "9"]
[EventCountry "FRA"]
[SourceTitle "CBM 194 Extra"]
[Source "ChessBase"]
[SourceDate "2020.03.31"]
[SourceVersion "1"]
[SourceVersionDate "2020.03.31"]
[SourceQuality "1"]

1. e4 c5 2. Nf3 Nc6 3. d4 cxd4 4. Nxd4 Nf6 5. Nc3 e6 6. Be3 Bb4 7. Bd3 d5 8. Nxc6 bxc6 9. e5 d4 10. exf6 dxe3 11. fxg7 exf2+ 12. Kf1 Rg8 13. Qf3 Rxg7 14. Qxc6+ Bd7 15. Qe4 Rb8 16. Ne2 Be1 17. Ng3 Qa5 18. Qf4 Rb4 19. Qf3 Qe5 20. Nh5 Rg6 21. Bxg6 hxg6 22. Nf6+ Qxf6 0-1

[Event "Agneaux St Lo op 20th"]
[Site "Agneaux"]
[Date "2018.07.13"]
[Round "8"]
[White "Capton, Rafael"]
[Black "Poley, Vladimir"]
[Result "0-1"]
[WhiteElo "1717"]
[BlackElo "2269"]
[PlyCount "72"]
[EventDate "2018.07.07"]
[EventType "swiss"]
[EventRounds "9"]
[EventCountry "FRA"]
[SourceTitle "CBM 185 Extra"]
[Source "ChessBase"]
[SourceDate "2018.07.29"]
[SourceVersion "1"]
[SourceVersionDate "2018.07.29"]
[SourceQuality "1"]

1. e4 c6 2. d4 Na6 3. Nc3 Nc7 4. Nf3 g6 5. Bc4 d5 6. Bb3 Bg7 7. 0-0 Nf6 8. Bf4 Ne6 9. Be5 dxe4 10. Bxf6 exf6 11. Nxe4 f5 12. Nc3 Nxd4 13. Nxd4 Bxd4 14. Qd3 0-0 15. Rad1 Bf6 16. Qf3 Qc7 17. Rfe1 Bd7 18. Qd3 Rae8 19. Ne4 Rxe4 20. Rxe4 fxe4 21. Qxd7 Rd8 22. Qg4 Rxd1+ 23. Qxd1 Bxb2 24. Qe1 Qe5 25. g3 Bd4 26. Kg2 a5 27. Qe2 Kg7 28. Qc4 Qf6 29. Qe2 Bc5 30. a4 Qd4 31. h4 h5 32. Bc4 Qe5 33. Qd2 e3 34. Qd7 Qe4+ 35. Kf1 e2+ 36. Bxe2 Qh1# 0-1